000 00589nam a2200193Ia 4500
003 LDD
008 181029s9999 xx 000 0 und d
020 _a041540116X
_c650.00
040 _cLDD
100 _aDwivedi, Ranjit
245 0 _aConflict and collective action
_bthe sardar sarovar project in India
_cRanjit Dwivedi
260 _aLondon
_bRoutledge
_c2006
300 _axxxvi, 401
365 _b650.00
901 _a11268
_b29-09-2014
902 _aIN/2014-15/664
_b30-09-2014
_cF
_dSELECT
_e31
903 _aDiscount-15
_bReqst by : R. Vashum
942 _2ddc
_cBK
999 _c110080
_d110080